S M Dugar Guide to Competition Act,2002 / (Record no. 197280)

MARC details
000 -LEADER
fixed length control field 00714nam a22002057a 4500
005 - DATE AND TIME OF LATEST TRANSACTION
control field 20230912114826.0
010 ## - LCCN (DPL NO)
LC control number ENG-137821
020 ## - INTERNATIONAL STANDARD BOOK NUMBER
International Standard Book Number 9789388548892
Terms of availability 2999.00
035 ## - SYSTEM CONTROL NUMBER
System control number EN-121353
037 ## - SOURCE OF ACQUISITION
Source of stock number/acquisition DBAD/PUB
082 ## - DEWEY DECIMAL CLASSIFICATION NUMBER
Classification number 343.540723
100 ## - MAIN ENTRY--PERSONAL NAME
Personal name Kumar, Sudhanshu
245 ## - TITLE STATEMENT
Title S M Dugar Guide to Competition Act,2002 /
Statement of responsibility, etc by Sudhanshu Kumar
260 ## - PUBLICATION, DISTRIBUTION, ETC. (IMPRINT)
Place of publication, distribution, etc Gurgaon
Name of publisher, distributor, etc LexisNexis
Date of publication, distribution, etc 2020
270 ## - ADDRESS
Address 14th floor,Building No.10,Tower-b,DLF Cyber city,Phase-II
City Gurgaon
Postal code 122002
300 ## - PHYSICAL DESCRIPTION
Extent 1904p.
Dimensions 25cm(Hb)
500 ## - GENERAL NOTE
General note An Exhaustive section-wise commentary incorporating all legislative and judicial developments
500 ## - GENERAL NOTE
General note 8th Edition
942 ## - ADDED ENTRY ELEMENTS (KOHA)
Source of classification or shelving scheme Dewey Decimal Classification
Item type English Books
Call number suffix KUM
Classification part 343.540723
Holdings
Withdrawn status Lost status Not for loan Collection code Home library Current library Date acquired Source of acquisition Cost, normal purchase price Full call number Barcode Copy number Cost, replacement price Koha item type
    Not For Loan Non-fiction D.B.Act.Division Central Library 21/08/2023 DBAD/PUB 2999.00 343.540723 KUM EN-121353 1 2999.00 English Books

© Delhi Public Library
Hit Counter
free hit counter